LIBRARY & INFORMATION CENTRE, KCAET, TAVANUR

ONLINE PUBLIC ACCESS CATALOGUE (OPAC)

Chemistry of the soil / (Record no. 7174)

MARC details
000 -LEADER
fixed length control field 00517cam a2200217ua 4500
041 ## - LANGUAGE CODE
Language code of text/sound track or separate title eng
082 ## - DEWEY DECIMAL CLASSIFICATION NUMBER
Classification number 634.41
Item number BEA/CH
100 ## - MAIN ENTRY--AUTHOR NAME
Personal name Bear, Firman E .
245 ## - TITLE STATEMENT
Title Chemistry of the soil /
250 ## - EDITION STATEMENT
Edition statement 2 /
260 ## - PUBLICATION, DISTRIBUTION, ETC. (IMPRINT)
Place of publication Mumbai :
Name of publisher Oxford & IBH Book Company ,
Year of publication 1964.
300 ## - PHYSICAL DESCRIPTION
Number of Pages 515 ; .
500 ## - GENERAL NOTE
General note * CSS
942 ## - ADDED ENTRY ELEMENTS (KOHA)
Koha item type Books
Holdings
Withdrawn status Lost status Damaged status Home library Current library Date acquired Full call number Accession Number Koha item type Shelving location
      KAUAET KAUAET 07/04/2012 634.41 18483 Books  
      KAUAET KAUAET 07/04/2012 634.41 18710 Books  
      KAUAET KAUAET 14/09/2018 634.41 BEA/CH 18468 Book Bank scheme for SC students Scheme
free website counter